Islands by Letter - T - Statistics

General Stats
  • This quiz has been taken 190 times
  • The average score is 9 of 18
Answer Stats
Hint Island % Correct
Island country coveted by China Taiwan
99%
Just south of mainland Australia Tasmania
98%
Together they form a country north of Venezuela Trinidad
89%
Together they form a country north of Venezuela Tobago
87%
Polynesian island visited by the HMS Bounty Tahiti
85%
Largest of the Canary Islands Tenerife
80%
Indonesia shares it with another country Timor
69%
Haitian island or Spanish for turtle Tortuga
62%
Irish island or the Conservative Party Tory
60%
Island-city in northern Norway Tromsø
38%
Remote British-ruled island between Africa, Argentina and Antarctica Tristan da Cunha
37%
Site of a minor nuclear accident in 1979 Three Mile
35%
"Valuable" island the bridge connecting San Francisco to Oakland sits on Treasure
30%
Northernmost major Greek island Thassos
16%
Largest of the British Virgin Islands Tortola
15%
Main island of Tonga Tongatapu
14%
One of the main islands of Azores Terceira
8%
Japanese island claimed by South Korea Tsushima
8%
No matching quizzes found
Score Distribution
Percent of People with Each Score
Percentile by Number Answered
Your Score History
You have not taken this quiz